| 000 | 01029cam a22002771 4500 | ||
|---|---|---|---|
| 001 | 2326 | ||
| 003 | BD-RjUL | ||
| 005 | 20211208233527.0 | ||
| 008 | 131211r19661964nyua b 100 0 eng | ||
| 035 | _a(BD-RjUL)2353 | ||
| 035 | _a(OCoLC)1399880 | ||
| 040 |
_aDLC _cOYU _dUk _dDLC _dBD-RjUL _beng |
||
| 041 | _aeng | ||
| 082 | 0 | 0 |
_a338.095 _bBEE 1966 |
| 100 | 1 |
_aBerrill, Kenneth, _d1920-2009, _97541 |
|
| 245 | 1 | 0 |
_aEconomic development with special reference to East Asia : _bproceedings of a conference held by the International Economic Association / _cKenneth Berrill |
| 260 |
_aNew York, _bSt. Martin's Press, _c1964 [Reprinted 1966]. |
||
| 300 |
_axvi, 434 p. : _billus. ; _c23 cm. |
||
| 504 | _aBibliographical footnotes and index. | ||
| 650 | 0 |
_aEconomic development _vCongresses. _97542 |
|
| 651 | 0 |
_aEast Asia _xEconomic conditions _vCongresses. _97543 |
|
| 651 | 0 |
_aSoutheast Asia _xEconomic conditions _vCongresses. _97544 |
|
| 710 | 2 |
_aInternational Economic Association. _96849 |
|
| 942 |
_2ddc _cBK |
||
| 999 |
_c2326 _d2326 |
||